LIBRARY & INFORMATION CENTRE, KCAET, TAVANUR

ONLINE PUBLIC ACCESS CATALOGUE (OPAC)

Saint Joan- a Chronicle and the apple cart: A Political extravaganza / (Record no. 7849)

MARC details
000 -LEADER
fixed length control field 00432cam a2200157ua 4500
041 ## - LANGUAGE CODE
Language code of text/sound track or separate title eng
082 ## - DEWEY DECIMAL CLASSIFICATION NUMBER
Classification number 822
Item number SHA/SA
100 ## - MAIN ENTRY--AUTHOR NAME
Personal name Shaw, Bernard .
245 ## - TITLE STATEMENT
Title Saint Joan- a Chronicle and the apple cart: A Political extravaganza /
250 ## - EDITION STATEMENT
Edition statement 1 /
260 ## - PUBLICATION, DISTRIBUTION, ETC. (IMPRINT)
Place of publication London :
Name of publisher Constable and Company Ltd ,
Year of publication 1961.
300 ## - PHYSICAL DESCRIPTION
Number of Pages 269 ; .
942 ## - ADDED ENTRY ELEMENTS (KOHA)
Koha item type Books
Holdings
Withdrawn status Lost status Damaged status Home library Current library Date acquired Full call number Accession Number Koha item type
Withdrawn     KAUAET Sanskrit University 07/04/2012 822 11847 Books
free website counter